000 00334nam a2200121Ia 4500
008 230822s2016 xx 000 0 und d
020 _a812390973X
041 _aeng
100 _aMUMFORD L.
245 _aTHE CITY IN HISTORY, ITS ORIGINS ITS TRANSFORMATION AND PROSPECTS.
260 _bHARCOURT PRIVATE LIMITED
_c2016
300 _a237
999 _c859546
_d859546